| 000 | 00000nam 2200000zi 4500 |
| 001 | 9.946619 |
| 003 | CaOODSP |
| 005 | 20250303103444 |
| 006 | m o d f |
| 007 | cr |n||||||||| |
| 008 | 250108s1949 onca o f000 0 eng d |
| 040 | |aCaOODSP|beng|erda|cCaOODSP |
| 043 | |an-cn-qu |
| 086 | 1 |aA52-202/1949E-PDF |
| 100 | 1 |aBelzile, Adhémar, |eauthor. |
| 245 | 10|aDominion Experimental Station, Normandin, Que. : |bprogress report, 1936-1946 / |cAdhémar Belzile. |
| 264 | 1|aOttawa, Canada : |bMinister of Agriculture, |c[1949?] |
| 300 | |a1 online resource (104 pages) : |billustrations |
| 336 | |atext|btxt|2rdacontent |
| 337 | |acomputer|bc|2rdamedia |
| 338 | |aonline resource|bcr|2rdacarrier |
| 500 | |aIssued also in French under title: Station expérimentale fédérale, Normandin, Qué. : rapport des activités, 1936-1946. |
| 500 | |aDigitized edition from print [provided by Agriculture and Agri-Food Canada]. |
| 610 | 25|aDominion Experimental Station (Normandin, Québec) |
| 650 | 0|aAgricultural experiment stations|zQuébec (Province)|zNormandin. |
| 710 | 2 |aDominion Experimental Station (Normandin, Québec), |eissuing body. |
| 710 | 1 |aCanada. |bExperimental Farms Service, |eissuing body. |
| 775 | 08|tStation expérimentale fédérale, Normandin, Qué. : |w(CaOODSP)9.946622 |
| 856 | 40|qPDF|s16.60 MB|uhttps://publications.gc.ca/collections/collection_2025/aac-aafc/A52-202-1949-eng.pdf |